00000000nam##2200000za#4500
0019.627066
003CaOODSP
00520250509081839
007ta
008150406|2005||||xxc|||||     f|0| 0 fre|d
020 |a0-660-97090-2
040 |aCaOODSP|bfre
043 |an-cn---
0861 |aM41-8/48F
1102 |aCommission géologique du Canada.
24510|aRoches et minéraux du collectionneur : |bd'Ottawa à North Bay et Huntsville (Ontario); de Gatineau (Hull) à Waltham et Témiscaming (Québec) / |c[par] Ann P. Sabina.
260 |bRessources naturelles Canada. |c2007.
300 |axii, 260p. : |bglossaire, cartes, références, tableaux, photographies, index ; |c25 cm. + |e1 CD-ROM sous le même titre.
4901 |aRapport divers|v48
5203 |aCe rapport fait partie d’une série de guides publiés par la région et décrivant les lieux de cueillette de minéraux, de roches et de fossiles. La série constitue un précieux outil de référence pour les collectionneurs amateurs, les minéralogistes amateurs et professionnels, et les touristes.
563 |aCouverture souple
590 |a07-16|b2007-04-20
69107|aMinerai|2gcpds
7201 |aSabina, Ann P.
77508|tRocks and minerals for the collector : |w(CaOODSP)9.617587
7760#|tRoches et minéraux du collectionneur : |w(CaOODSP)9.594566
7760#|tRoches et minéraux du collectionneur : |w(CaOODSP)9.627067
830#0|aRapport divers (Commission géologique du Canada)|v48|w(CaOODSP)9.513125